Responses for show #5985 - Friday, September 24, 2010

Kara Spak game 2.

Contestants

[<< previous game]

Lyssette Flinchbaugh, a stay-at-home mom from Berlin, Connecticut

Hillary Janikula, an information technology project manager from Valencia, California

Kara Spak, a newspaper reporter from Chicago, Illinois (whose 1-day cash winnings total $24,001)

[next game >>]

Jeopardy! Round responses

LANDSCAPE PAINTINGS
SONG HITS FOR 2
THERE'S A PRICE ON YOUR HEAD
WHO SAID IT, SHAKESPEARE?
"L"EGALESE
SCRAMBLED EGG WORDS
    $200 24
the three wise men (or the three magi)

Lyssette
    $200 6
(Kara: What is "Jump"?)

"You Really Got Me"

KaraHillary
    $200 19
lettuce

Kara
    $200 11
Hamlet

Kara
    $200 5
larceny

Kara
    $200 14
fried

Kara
    $400 25
watercolors

Kara
    $400 4
"When A Man Loves A Woman"

Lyssette
    $400 20
T. rex

Lyssette
    $400 12
(Kara: Who is Juliet?)

Romeo

KaraLyssette
    $400 7
last will

Kara
    $400 15
over easy

Triple Stumper
    $600 28
(Kara: Who is Velázquez?)

Goya

KaraHillary
    $600 3
"I'm A Believer"

Kara
    $600 21
toothbrush

Kara
    $600 13
Petruchio

Kara
    $600 8
laundering

Kara
    $600 16
deviled

Hillary
    $800 29
the Rhine

Triple Stumper
    $800 2
"Big Yellow Taxi"

Kara
    $800 22
(Alex: You gotta love 'em!)

Mr. & Mrs. Potato Head

Kara
    $800 17
(Hillary: Who is the merchant of Venice?)

Shylock

HillaryLyssette
    $800 9
the LSAT

Kara
    $800 26
hard-boiled

Kara
    $1000 30
classical

Triple Stumper
    $1000 1
(Hillary: What is "Sweet Child O' Mine"?)

"Knockin' On Heaven's Door"

Hillary
Triple Stumper
    $1000 23
a shrunken head

Lyssette
    $600 18
(Alex: A little Pine-Sol would have done the trick. But no, she didn't know about that then.)

Lady Macbeth

Lyssette
    $1000 10
a lien

Hillary
    $1000 27
sunny side up

Triple Stumper

Scores at the first commercial break (after clue 15):

Kara Hillary Lyssette
$3,800 $200 $800

Scores at the end of the Jeopardy! Round:

Kara Hillary Lyssette
$6,000 $600 $3,800

Double Jeopardy! Round responses

FIRST & LAST KINGS
THE RAZZIES FOR 2009
COLLEGES & UNIVERSITIES
IT'S A BIRD!
IT'S A PLAIN!
NAH, IT'S JUST "ME"
    $400 11
Spain

Lyssette
    $400 10
(Sandra) Bullock

Lyssette
    $400 13
University of Virginia

Kara
    $400 30
the roadrunner

Kara
    $400 14
Bangladesh

Lyssette
    $400 1
the measles

Kara
    $800 12
Poland

Kara
    $800 9
Billy Ray Cyrus

Kara
    $2,000 3
(Alex: And it's still there, goin' strong.)

Georgetown

Lyssette
    $800 29
the dodo

Lyssette
    $800 28
Tokyo

Lyssette
    $800 21
media

Lyssette
    $1200 16
(Kara: What is Germany?)
(Hillary: What is Austria?)
(Lyssette: What is Hungary?)

Greece

KaraHillaryLyssette
Triple Stumper
    $1200 2
the Fallen

Lyssette
    $1200 4
Rutgers

Kara
    $1200 27
the ostrich

Kara
    $1,000 15
Salisbury Plain

Lyssette
    $1200 22
meteor shower

Lyssette
    $1600 17
(Alex: And that would be [*]--James VI of [*] became James I of England.)

Scotland

Triple Stumper
    $1600 8
Paris Hilton

Hillary
    $1600 5
(Alex: [*], yeah, good guess.)

Columbia

Kara
    $1600 26
vultures

Lyssette
    $1600 20
Australia

Kara
    $1600 23
menial

Lyssette
    $2000 18
Portugal

Lyssette
    $2000 7
Land of the Lost

Kara
    $2000 6
(Kara: What is Spaulding?)
...
(Alex: The nickname is "Ole Miss"--[*].)

University of Mississippi

Kara
Triple Stumper
    $2000 25
a mockingbird

Lyssette
    $2000 19
(Alex: [*]--you picked the right one.)

Laos

Lyssette
    $2000 24
mealy-mouthed

Triple Stumper

Scores at the end of the Double Jeopardy! Round:

Kara Hillary Lyssette
$13,200 $1,000 $20,800

[wagering suggestions for these scores]

Final Jeopardy! Round responses

PRESIDENTS
(Alex: [To Kara] Who is [*]? He served for about a year after the assassination of John Fitzgerald Kennedy. He ran for reelection. That's the correct response.)
HillaryWho was Harrison
$999
KaraWho is L B Johnson?
$2,000
LyssetteWho was Teddy Roosevelt
$5,601
LBJ

Final scores:

Kara Hillary Lyssette
$15,200 $1 $15,199
2-day champion: $39,201 3rd place: $1,000 2nd place: $2,000

Game dynamics:

Coryat scores:

Kara Hillary Lyssette
$13,200 $1,000 $20,200
24 R,
5 W
5 R,
3 W
22 R
(including 3 DDs),
1 W

Combined Coryat: $34,400

The J! Archive is created by fans, for fans. The Jeopardy! game show and all elements thereof, including but not limited to copyright and trademark thereto, are the property of Jeopardy Productions, Inc. and are protected under law. This website is not affiliated with, sponsored by, or operated by Jeopardy Productions, Inc. Join the discussion at JBoard.tv.